| 000 | 00514nam a2200193Ia 4500 | ||
|---|---|---|---|
| 005 | 20250923150118.0 | ||
| 008 | 008 250917s9999 xx 000 0 eng d | ||
| 037 | _aTextual | ||
| 040 |
_aDSWL _beng _cDSWL |
||
| 041 |
_aeng _2eng |
||
| 084 | _qDSWL | ||
| 245 | 0 |
_aIslamic views on human rights: Viewpoints of Iranian scholars _c by OICC |
|
| 260 |
_aNew Delhi _b Kanishka Publication _c2003 |
||
| 300 | _a399p. | ||
| 365 |
_aINR _b995 |
||
| 925 | _g995 | ||
| 942 | _cTEXL | ||
| 999 |
_c1459690 _d1459690 |
||